[Event "Tournoi Skype 028B"]
[Site "Skype"]
[Date "????.??.??"]
[Round "9.5"]
[White "Junqueira, Leonardo De Faria"]
[Black "Abdulrazzaq, Mohsen"]
[Result "1-0"]
[WhiteElo "1408"]
[BlackElo "1080"]
[PlyCount "73"]

1. e4 c5 2. d4 cxd4 3. c3 e5 4. cxd4 Bb4+ 5. Bd2 Bxd2+ 6. Qxd2 exd4 7. Qxd4 Nc6
8. Qxg7 Qa5+ 9. Nc3 Qe5 10. Qxe5+ Nxe5 11. Nb5 Kf8 12. Nd6 Nf6 13. Rc1 Ke7 14.
Nf5+ Kd8 15. f3 d5 16. Nd6 dxe4 17. f4 Nc6 18. Nxf7+ Kc7 19. Nxh8 Bg4 20. Nf7
Nd5 21. Ne5 Bh5 22. Bb5 Ndb4 23. a3 Nd3+ 24. Bxd3 exd3 25. Nxd3 Re8+ 26. Ne5
Kb8 27. Ngf3 Nxe5 28. Nxe5 a5 29. O-O Rg8 30. g3 Be2 31. Rfe1 Bb5 32. Rc5 Bc6
33. Nxc6+ bxc6 34. Rxc6 Kb7 35. Rc3 Kb6 36. Re6+ Kb5 37. Rec6 1-0

[Event "Tournoi Skype 028B"]
[Site "Skype"]
[Date "????.??.??"]
[Round "9.6"]
[White "Suazo, Olvin"]
[Black "San Isidro, Josep"]
[Result "1/2-1/2"]
[WhiteElo "1000"]
[BlackElo "1406"]
[PlyCount "94"]

1. e4 e5 2. Nf3 d6 3. Nc3 Nf6 4. Bc4 Be7 5. d4 exd4 6. Nxd4 O-O 7. Qd2 Nxe4 8.
Nxe4 d5 9. Nf3 dxe4 10. Qxd8 Rxd8 11. Nd2 Bf5 12. h3 Nd7 13. Bd5 c6 14. Bxe4
Bxe4 15. Nxe4 Nf6 16. Nc3 Rd7 17. Be3 b6 18. O-O Rad8 19. Rad1 Nd5 20. Nxd5
Rxd5 21. Rde1 Bf6 22. c4 Rd3 23. b3 Bc3 24. Re2 Rd1 25. Rxd1 Rxd1+ 26. Kh2 Be5+
27. g3 Kf8 28. Bxb6 axb6 29. Rxe5 Rd2 30. c5 b5 31. a4 bxa4 32. bxa4 Rxf2+ 33.
Kg1 Ra2 34. Re4 Rc2 35. a5 Rxc5 36. Ra4 Rb5 37. a6 Rb8 38. Rc4 Ra8 39. Rxc6 Ke7
40. Rc7+ Ke6 41. a7 g6 42. Kf2 Kf6 43. Kf3 h5 44. h4 Ke6 45. Kf4 Kf6 46. Ke4
Ke6 47. g4 hxg4 1/2-1/2

[Event "Tournoi Skype 028B"]
[Site "Skype"]
[Date "????.??.??"]
[Round "9.7"]
[White "Amato, Ludovica"]
[Black "Quispe, Alberto"]
[Result "0-1"]
[WhiteElo "1346"]
[BlackElo "1000"]
[PlyCount "118"]

1. e4 c5 2. Nf3 Nc6 3. d4 cxd4 4. Nxd4 Nxd4 5. Qxd4 Qc7 6. Bc4 e6 7. Nc3 a6 8.
a3 h6 9. O-O Nf6 10. Kh1 e5 11. Qd3 Bc5 12. Nd5 Nxd5 13. Qxd5 d6 14. f4 Be6 15.
Qd3 Bxc4 16. Qxc4 O-O 17. Be3 b5 18. Qc3 Rac8 19. Bxc5 Qxc5 20. Qxc5 Rxc5 21.
c3 exf4 22. Rxf4 Re5 23. Rd1 Rd8 24. Rd5 Rxd5 25. exd5 Re8 26. Kg1 Re2 27. Rb4
Rd2 28. Kf1 Rxd5 29. Ke2 Kf8 30. Ke3 Ke7 31. c4 bxc4 32. Rxc4 Re5+ 33. Kd3 d5
34. Rc5 g5 35. Kd4 Ke6 36. Rc6+ Kf5 37. Rxa6 Re2 38. Kxd5 Rxb2 39. Rxh6 Rxg2
40. Rh3 Rd2+ 41. Kc4 Kf4 42. a4 f5 43. a5 Ra2 44. Kb4 Ke4 45. Ra3 Rxh2 46. a6
Rh8 47. a7 Ra8 48. Kb5 f4 49. Kb6 f3 50. Kb7 Rf8 51. a8=Q Rxa8 52. Rxa8 f2 53.
Ra4+ Kf3 54. Ra3+ Kg2 55. Ra2 Kg1 56. Rxf2 Kxf2 57. Kc6 g4 58. Kd5 g3 59. Ke4
g2 0-1

[Event "Tournoi Skype 028B"]
[Site "Skype"]
[Date "????.??.??"]
[Round "9.9"]
[White "Castillo, David"]
[Black "Rivalta, Paolo"]
[Result "1-0"]
[WhiteElo "1381"]
[BlackElo "1101"]
[PlyCount "53"]

1. d4 Nf6 2. Bf4 d5 3. e3 Bf5 4. Bd3 Bxd3 5. Qxd3 e6 6. c3 Bd6 7. Bg3 O-O 8.
Nd2 Nc6 9. Ngf3 h6 10. Ne5 Ne7 11. f4 Nf5 12. Bf2 Ne4 13. Nxe4 dxe4 14. Qxe4
Bxe5 15. dxe5 c6 16. Rd1 Qb6 17. g4 Ne7 18. Qc2 Rfe8 19. e4 c5 20. b4 Qc6 21.
Bxc5 f5 22. exf6 gxf6 23. Rd6 Qc7 24. Qb3 Kf8 25. Qxe6 Ng8 26. Rd7+ Re7 27.
Bxe7+ 1-0

[Event "Tournoi Skype 028B"]
[Site "Skype"]
[Date "????.??.??"]
[Round "9.10"]
[White "Garganese, Paolo"]
[Black "Telles, Rigoberto"]
[Result "0-1"]
[WhiteElo "1000"]
[BlackElo "1307"]
[PlyCount "102"]

1. e4 e5 2. Nf3 Nc6 3. Bc4 Nf6 4. d3 Be7 5. c3 O-O 6. O-O a6 7. a4 d6 8. Re1 h6
9. Nbd2 Qe8 10. Nf1 Bg4 11. a5 Na7 12. h3 Bxf3 13. Qxf3 c6 14. Be3 Nb5 15. Ng3
Nc7 16. Bb6 Ne6 17. Be3 Nd7 18. d4 Bg5 19. dxe5 Nxe5 20. Qe2 Nxc4 21. Qxc4 Bxe3
22. Rxe3 Rd8 23. Rd1 Qd7 24. b4 Nc7 25. Qb3 d5 26. exd5 cxd5 27. Ne2 Rfe8 28.
Rxe8+ Qxe8 29. Nd4 Qe4 30. Kf1 Kf8 31. Qc2 Qxc2 32. Nxc2 Nb5 33. Rd3 Rd6 34.
Ne3 d4 35. cxd4 Rxd4 36. Rxd4 Nxd4 37. f4 f5 38. Kf2 Ke7 39. g4 g6 40. gxf5
gxf5 41. Kg3 Ke6 42. Kf2 Nc6 43. Nc2 Kd5 44. Ke3 Kc4 45. h4 Nxb4 46. Nxb4 Kxb4
47. Kd4 Kxa5 48. Ke5 b5 49. Kxf5 b4 50. Kg6 b3 51. f5 b2 0-1

[Event "Tournoi Skype 028B"]
[Site "Skype"]
[Date "????.??.??"]
[Round "9.11"]
[White "Felippe E Silva, Glenda"]
[Black "Maalik, Aakash"]
[Result "1-0"]
[WhiteElo "1207"]
[BlackElo "1178"]
[PlyCount "65"]

1. d4 d5 2. Nf3 Nf6 3. Bf4 Bf5 4. e3 e6 5. h3 Be7 6. Bd3 Ne4 7. O-O Nd7 8. Nbd2
Ndf6 9. Nh4 Bg6 10. Nxg6 hxg6 11. Nxe4 dxe4 12. Bc4 Nh5 13. Bh2 g5 14. c3 Nf6
15. Qc2 Bd6 16. Rad1 Bxh2+ 17. Kxh2 Qd6+ 18. Kg1 g4 19. g3 Rxh3 20. Kg2 Qf8 21.
Rh1 Qh8 22. Rdg1 Ke7 23. Be2 Rxh1 24. Rxh1 Qg8 25. Qd1 Rd8 26. Bxg4 Rd5 27. Be2
g5 28. Bc4 Rd8 29. Qb3 b6 30. Qa3+ Kd7 31. Bb5+ Kc8 32. Qxa7 Nd7 33. Bc6 1-0

[Event "Tournoi Skype 028B"]
[Site "Skype"]
[Date "????.??.??"]
[Round "9.13"]
[White "Linares Vernet, Ana"]
[Black "Vincent, Andre"]
[Result "1/2-1/2"]
[WhiteElo "1175"]
[BlackElo "1377"]
[PlyCount "78"]

1. d4 Nf6 2. Nf3 c6 3. Bf4 d5 4. c3 Bf5 5. e3 Nbd7 6. Bd3 Bxd3 7. Qxd3 e6 8.
O-O Be7 9. Nbd2 O-O 10. Qc2 Re8 11. Rfe1 Qc8 12. e4 Nh5 13. Bg3 Nxg3 14. fxg3
c5 15. Rac1 c4 16. b3 b5 17. exd5 exd5 18. Re2 Nf6 19. Rce1 Bd6 20. Rxe8+ Nxe8
21. Ne5 Nf6 22. Nf1 Ng4 23. Nxg4 Qxg4 24. Qd1 Qxd1 25. Rxd1 Re8 26. Kf2 f5 27.
Re1 Rxe1 28. Kxe1 Kf7 29. Ne3 Ke6 30. Ke2 h5 31. Kf3 g5 32. h3 g4+ 33. hxg4
hxg4+ 34. Kf2 Ba3 35. Nd1 a5 36. Ke2 Bd6 37. Kf2 Ba3 38. Ke3 Bc1+ 39. Kf2 Ba3
1/2-1/2

[Event "Tournoi Skype 028B"]
[Site "Skype"]
[Date "????.??.??"]
[Round "9.14"]
[White "Scata, Laura"]
[Black "Hernandez Lopez, Joaquin"]
[Result "0-1"]
[WhiteElo "1366"]
[BlackElo "1106"]
[PlyCount "72"]

1. d4 e6 2. Nf3 d5 3. Bf4 Bd6 4. Bg3 f5 5. Ne5 Nf6 6. Nd2 c5 7. c3 O-O 8. e3 c4
9. Be2 Nc6 10. O-O a5 11. a4 Ra6 12. b3 Rb6 13. bxc4 Rb2 14. cxd5 Nxd5 15. Qc1
Rxd2 16. Qxd2 Qc7 17. Nxc6 bxc6 18. Bxd6 Qxd6 19. c4 Nf6 20. c5 Qc7 21. Bf3 Bd7
22. Rab1 Ng4 23. Bxg4 fxg4 24. Rb6 Rf6 25. f3 Rh6 26. g3 e5 27. Qxa5 Rf6 28.
Qa8+ Rf8 29. fxg4 Rxa8 30. Ra1 Rf8 31. a5 exd4 32. exd4 Bc8 33. Rab1 Bxg4 34.
a6 Qe7 35. R1b3 Qe1+ 36. Kg2 Rf2# 0-1

[Event "Tournoi Skype 028B"]
[Site "Skype"]
[Date "????.??.??"]
[Round "9.15"]
[White "De Coninck, Philippe"]
[Black "Lopes, Marcia Maria"]
[Result "1-0"]
[WhiteElo "1173"]
[BlackElo "1363"]
[PlyCount "73"]

1. e4 c6 2. d4 d5 3. Nc3 dxe4 4. Nxe4 Bf5 5. Ng3 Bg6 6. Nf3 Nd7 7. h4 h6 8. h5
Bh7 9. Bd3 Bxd3 10. Qxd3 e6 11. Bd2 Ngf6 12. O-O-O Bd6 13. a3 Qc7 14. Ne4 Nxe4
15. Qxe4 Nf6 16. Qe2 O-O-O 17. Bc3 Nd5 18. Bd2 Rhe8 19. Ne5 Kb8 20. Rh4 c5 21.
Nc4 cxd4 22. Rxd4 Rc8 23. c3 e5 24. Rxd5 Qc6 25. Rxd6 Qxc4 26. Qxc4 Rxc4 27.
Rd7 Rf8 28. Re7 Re4 29. Re1 Rxe1+ 30. Bxe1 f6 31. Rxg7 f5 32. Re7 e4 33. Bd2
Rf6 34. Bf4+ Kc8 35. Rc7+ Kd8 36. Rxb7 a6 37. Rh7 1-0

[Event "Tournoi Skype 028B"]
[Site "Skype"]
[Date "????.??.??"]
[Round "9.16"]
[White "Sanchez Padilla, Armando Edilber"]
[Black "Parrales, Rodolfo"]
[Result "0-1"]
[WhiteElo "1323"]
[BlackElo "1000"]
[PlyCount "92"]

1. e4 e5 2. Nf3 Nf6 3. Bc4 Bc5 4. O-O d5 5. exd5 O-O 6. Nc3 e4 7. Ng5 Bg4 8.
Qe1 Re8 9. d6 Bh5 10. Ngxe4 Bxd6 11. d4 Bxh2+ 12. Kxh2 Ng4+ 13. Kg1 Nd7 14. Bg5
Ndf6 15. Bxf6 Nxf6 16. Nxf6+ Qxf6 17. Qd2 Rad8 18. Nd5 Qg6 19. Nf4 Qf5 20. d5
Re4 21. Nxh5 Qxh5 22. g3 Rxc4 23. Rfe1 f5 24. Re5 Qf3 25. Qe2 Qxe2 26. Rxe2 h5
27. Re5 Rxc2 28. Rxf5 g6 29. Rg5 Kh7 30. Rb1 Kh6 31. Re5 Rf8 32. f4 h4 33. gxh4
Rxf4 34. Rf1 Rg4+ 35. Kh1 Rxh4+ 36. Kg1 Rhh2 37. Rf3 Rxb2 38. Rg3 b5 39. Re8
Kg7 40. Re7+ Kf6 41. Rxc7 b4 42. Rxa7 Rhd2 43. Ra6+ Kf5 44. Rf3+ Ke4 45. Rf1
Rg2+ 46. Kh1 Rh2+ 0-1

[Event "Tournoi Skype 028B"]
[Site "Skype"]
[Date "????.??.??"]
[Round "9.18"]
[White "Ibanez, Bittor"]
[Black "De Nobrega, George"]
[Result "1-0"]
[WhiteElo "1000"]
[BlackElo "1295"]
[PlyCount "121"]

1. g3 e5 2. c4 g6 3. Bg2 Bg7 4. Nc3 Nf6 5. Nf3 Nc6 6. d3 d6 7. Bg5 Be6 8. Qa4
Qd7 9. Bxf6 Bxf6 10. Ne4 Bg7 11. c5 d5 12. Neg5 Bg4 13. h3 Bxf3 14. Nxf3 e4 15.
dxe4 Bxb2 16. Rd1 Bc3+ 17. Nd2 dxe4 18. Qxe4+ Qe7 19. Qxe7+ Kxe7 20. O-O Rad8
21. Ne4 Bb4 22. Rb1 a5 23. a3 Bxa3 24. Rxb7 Rd7 25. Nc3 Nd8 26. Nd5+ Ke6 27.
Nxc7+ Ke5 28. f4+ Kf6 29. Rb6+ Kg7 30. Nd5 Bxc5+ 31. Kh2 Bxb6 32. Nxb6 Rd2 33.
Re1 Re8 34. Nc4 Ra2 35. Bf3 Nc6 36. Kg1 Nd4 37. Kf2 a4 38. Nd6 Re6 39. Ne4 Nxf3
40. Kxf3 Ra3+ 41. e3 Ra2 42. Ng5 Rc6 43. Rd1 a3 44. Rd7 Rf6 45. Ra7 Ra1 46. Ke4
h6 47. Nf3 a2 48. h4 h5 49. Ng5 Rg1 50. Rxa2 Rxg3 51. Ra7 Rg4 52. Nf3 Re6+ 53.
Ne5 Rxh4 54. Rxf7+ Kg8 55. Kd5 Re8 56. Rf6 Rh3 57. Rxg6+ Kh7 58. Rg5 Rg8 59.
Nf7 Rxg5+ 60. Nxg5+ Kg6 61. Nxh3 1-0

[Event "Tournoi Skype 028B"]
[Site "Skype"]
[Date "????.??.??"]
[Round "9.20"]
[White "Malbec, Robert"]
[Black "Vaquero, Roberto"]
[Result "1-0"]
[WhiteElo "1214"]
[BlackElo "1000"]
[PlyCount "107"]

1. e4 c5 2. Nf3 d6 3. d4 cxd4 4. Nxd4 Nc6 5. Bb5 Bd7 6. Nxc6 bxc6 7. Bd3 Nf6 8.
Bg5 Qa5+ 9. Bd2 Qb6 10. b3 Ng4 11. O-O Ne5 12. Be3 c5 13. Nc3 Be6 14. Na4 Qb7
15. Nc3 a6 16. Bf4 Nxd3 17. Qxd3 Rc8 18. Nd5 g6 19. Qc3 Rg8 20. Qc4 Bg7 21.
Rab1 a5 22. Rfd1 h5 23. Qa4+ Kf8 24. Qxa5 Ra8 25. Qd2 Rxa2 26. Bh6 Bxd5 27.
Bxg7+ Kxg7 28. exd5 Qb4 29. Qe2 Re8 30. Ra1 Rxa1 31. Rxa1 Qc3 32. Rd1 Ra8 33.
g3 Ra1 34. Rxa1 Qxa1+ 35. Kg2 Qd4 36. c4 Qc3 37. Qxe7 Qxb3 38. Qxd6 Qxc4 39.
Qe5+ Kh7 40. d6 Qb5 41. Qe7 Qc6+ 42. Kh3 g5 43. Qxf7+ Kh6 44. d7 g4+ 45. Kh4
Qc7 46. Qf8+ Kg6 47. d8=Q Qe5 48. Qfd6+ Kf5 49. Qxe5+ Kxe5 50. Kxh5 c4 51. Kxg4
c3 52. Qc8 Kd4 53. h4 Kd3 54. h5 1-0

[Event "Tournoi Skype 028B"]
[Site "Skype"]
[Date "????.??.??"]
[Round "9.21"]
[White "Rodriguez, Omar Alexander"]
[Black "Conde, Carmen"]
[Result "0-1"]
[WhiteElo "1000"]
[BlackElo "1207"]
[PlyCount "60"]

1. e4 d5 2. exd5 Qxd5 3. Nc3 Qa5 4. d4 c6 5. Be2 h6 6. Nf3 Bf5 7. O-O Nf6 8.
Re1 e6 9. Ne5 Bd6 10. Nc4 Qc7 11. Nxd6+ Qxd6 12. g3 O-O 13. g4 Bg6 14. g5 hxg5
15. Bxg5 Ne4 16. Nxe4 Bxe4 17. Bc4 b5 18. Rxe4 bxc4 19. Qe2 Qd5 20. Rg4 f5 21.
Be3 fxg4 22. Rd1 Qh5 23. Kg2 Qh3+ 24. Kg1 Nd7 25. Bg5 Rf5 26. Qxe6+ Rf7 27. Re1
Nf8 28. Qxc6 Rb8 29. Qxc4 Rxb2 30. Re7 Rb1+ 0-1

[Event "Tournoi Skype 028B"]
[Site "Skype"]
[Date "????.??.??"]
[Round "9.22"]
[White "Abate, Luigi"]
[Black "Yepes Bermudez, Maribel"]
[Result "1-0"]
[WhiteElo "1189"]
[BlackElo "1287"]
[PlyCount "63"]

1. e4 d5 2. Bd3 dxe4 3. Bxe4 Nf6 4. Nc3 c6 5. d4 Bg4 6. f3 Bh5 7. Nge2 e6 8.
Nf4 Bg6 9. Be3 Bb4 10. Qd2 Bxe4 11. fxe4 Nxe4 12. Qd3 Nf6 13. O-O Nbd7 14. a3
Ba5 15. Rad1 Ng4 16. Bc1 Bb6 17. Ne4 Nde5 18. Qe2 Bxd4+ 19. Kh1 Qh4 20. g3 Qd8
21. c3 c5 22. Nxc5 Nf6 23. Rxd4 Qc7 24. Nxb7 Qxb7+ 25. Kg1 Nfd7 26. Nh5 O-O 27.
Bf4 Nc6 28. Rd6 Rfe8 29. Bh6 gxh6 30. Qg4+ Kf8 31. Rxf7+ Kxf7 32. Qg7# 1-0

[Event "Tournoi Skype 028B"]
[Site "Skype"]
[Date "????.??.??"]
[Round "9.23"]
[White "Rodriguez, Nathalie"]
[Black "Guillaume, Mickael"]
[Result "0-1"]
[WhiteElo "1266"]
[BlackElo "1106"]
[PlyCount "64"]

1. d4 e6 2. Bf4 Nf6 3. Nc3 Bb4 4. e3 Bxc3+ 5. bxc3 O-O 6. Bc4 d5 7. Bd3 Re8 8.
Nf3 Ne4 9. c4 Nd7 10. Ne5 Nxe5 11. Bxe5 f6 12. Bf4 e5 13. dxe5 fxe5 14. Bg3
Nxg3 15. hxg3 e4 16. Be2 c6 17. cxd5 cxd5 18. Bb5 Qa5+ 19. c3 Qxb5 20. Rb1 Qc6
21. Qd4 Bg4 22. Kd2 h5 23. f4 exf3 24. Rhf1 Re4 25. Qd3 fxg2 26. Rf4 Rae8 27.
Rxe4 Rxe4 28. Rc1 b5 29. Rb1 a6 30. Qc2 Qc4 31. Re1 g1=Q 32. Rxg1 Qe2+ 0-1

[Event "Tournoi Skype 028B"]
[Site "Skype"]
[Date "????.??.??"]
[Round "9.24"]
[White "Battaglia, Gabriele"]
[Black "Cengiz, Ali Ekber"]
[Result "0-1"]
[WhiteElo "1245"]
[BlackElo "1098"]
[PlyCount "82"]

1. Nf3 d5 2. g3 c6 3. Bg2 Bf5 4. O-O Nd7 5. d3 Ngf6 6. Nbd2 e5 7. c4 e4 8. dxe4
dxe4 9. Nd4 Bg6 10. e3 Bc5 11. Qc2 O-O 12. Nxe4 Nxe4 13. Qb3 Bb6 14. f3 Ndc5
15. Qd1 Nd6 16. b4 Nxc4 17. bxc5 Bxc5 18. Qb3 Bxd4 19. exd4 Qxd4+ 20. Kh1 Qxa1
21. Qxc4 Rad8 22. Qb3 Qb1 23. Bb2 Qc2 24. f4 Qxb3 25. axb3 Bc2 26. Bf3 Bxb3 27.
Kg2 f6 28. Rf2 Bd5 29. Bc3 Bxf3+ 30. Rxf3 Rfe8 31. Rf2 g6 32. Bxf6 Rd6 33. Bg5
Rde6 34. f5 gxf5 35. Rxf5 Re2+ 36. Kh3 Rf8 37. Ra5 Rff2 38. Rxa7 Rxh2+ 39. Kg4
Ref2 40. Ra8+ Kg7 41. Rd8 h5# 0-1

[Event "Tournoi Skype 028B"]
[Site "Skype"]
[Date "????.??.??"]
[Round "9.25"]
[White "Tembhurnekar, Ritu"]
[Black "Huerta, Jesus"]
[Result "1-0"]
[WhiteElo "1198"]
[BlackElo "1000"]
[PlyCount "37"]

1. d4 g6 2. Nf3 Bg7 3. Bf4 Nc6 4. c3 Nf6 5. Nbd2 O-O 6. e4 e6 7. Bd3 d5 8. e5
Ne4 9. O-O Nxd2 10. Qxd2 f6 11. Rfe1 fxe5 12. dxe5 Nxe5 13. Nxe5 Bxe5 14. Bxe5
b6 15. Qh6 Rf7 16. Bxg6 Qf8 17. Bxf7+ Qxf7 18. Re3 Bb7 19. Rg3+ 1-0

[Event "Tournoi Skype 028B"]
[Site "Skype"]
[Date "????.??.??"]
[Round "9.26"]
[White "Berbedes, Jorgelina"]
[Black "Ruiz Gomez, Luz Alba"]
[Result "1/2-1/2"]
[WhiteElo "1061"]
[BlackElo "1190"]
[PlyCount "51"]

1. d4 Nf6 2. Bg5 d5 3. Nf3 e6 4. e3 Nbd7 5. Bd3 Be7 6. Nbd2 O-O 7. O-O b6 8. c4
c5 9. Qb3 Bb7 10. Rac1 Rc8 11. a3 Nh5 12. Bxe7 Qxe7 13. Rfe1 Nhf6 14. cxd5 Bxd5
15. Qd1 Qd8 16. e4 Bb7 17. e5 Nd5 18. Bc4 Nf4 19. b4 cxd4 20. h3 Bxf3 21. Nxf3
Re8 22. Qxd4 Ng6 23. Bb5 Ngf8 24. Red1 Rxc1 25. Rxc1 h6 26. Rd1 1/2-1/2

[Event "Tournoi Skype 028B"]
[Site "Skype"]
[Date "????.??.??"]
[Round "9.27"]
[White "Llabres, Sergio"]
[Black "Figueiredo, Oneide De Souza"]
[Result "1-0"]
[WhiteElo "1000"]
[BlackElo "1372"]
[PlyCount "87"]

1. d4 d5 2. Nf3 Nc6 3. e3 Bf5 4. Bd3 g6 5. Bxf5 gxf5 6. b3 e6 7. Bb2 Nge7 8.
O-O Ng6 9. Nbd2 Bd6 10. c4 Nce7 11. c5 Bxh2+ 12. Nxh2 c6 13. Re1 Qc7 14. Rc1
Rg8 15. Nhf3 f4 16. e4 O-O-O 17. exd5 exd5 18. Ne5 Nh4 19. Ndf3 Rxg2+ 20. Kf1
Rdg8 21. Nxh4 Rh2 22. Nhf3 Rh1+ 23. Ke2 Rh3 24. Rh1 Rxh1 25. Qxh1 Qa5 26. a4
Qa6+ 27. Kd1 Nf5 28. Qxh7 Qf1+ 29. Ne1 Ne3+ 30. fxe3 Rg1 31. Bc3 Rg2 32. Rc2
Rxc2 33. Qxc2 fxe3 34. Qe2 Qf2 35. Qxf2 exf2 36. Ke2 f6 37. N1f3 fxe5 38. Nxe5
Kc7 39. Kxf2 b6 40. cxb6+ axb6 41. b4 Kd6 42. Ke3 Ke6 43. Nxc6 Kd6 44. Ne5 1-0

[Event "Tournoi Skype 028B"]
[Site "Skype"]
[Date "????.??.??"]
[Round "9.28"]
[White "Barba Cepeda, Julio Cesar"]
[Black "Munoz Gonzalez, Martin"]
[Result "*"]
[WhiteElo "1087"]
[BlackElo "1406"]
[PlyCount "46"]

1. e4 c6 2. Nf3 d5 3. exd5 cxd5 4. d4 Nc6 5. Bd3 Bg4 6. c3 Qa5 7. O-O Nf6 8.
Nbd2 Qc7 9. Be2 e6 10. c4 dxc4 11. Nxc4 Rd8 12. Be3 Be7 13. Qd2 Bxf3 14. Bxf3
Nxd4 15. Qd1 Qxc4 16. b3 Nxf3+ 17. Qxf3 Qa6 18. Rfc1 Nd5 19. Rc4 Nxe3 20. Qxe3
O-O 21. h3 b6 22. Rc7 Bf6 23. Rxa7 Qxa7 *

[Event "Tournoi Skype 028B"]
[Site "Skype"]
[Date "????.??.??"]
[Round "9.29"]
[White "Gerbaux, Regis"]
[Black "Bucherie, Volcy"]
[Result "1-0"]
[WhiteElo "1073"]
[BlackElo "1336"]
[PlyCount "65"]

1. e4 e5 2. Nf3 Nc6 3. Bc4 Nd4 4. Nxd4 exd4 5. d3 Nf6 6. Qf3 d6 7. O-O Bg4 8.
Qg3 Qd7 9. f3 Be7 10. fxg4 Qxg4 11. Qxg4 Nxg4 12. Rxf7 Ne5 13. Rxg7 Nxc4 14.
dxc4 a6 15. Bh6 Bf6 16. Rxc7 b5 17. Nd2 Kd8 18. Rf7 Be5 19. Raf1 bxc4 20. Nxc4
Rc8 21. Bg5+ Ke8 22. Re7+ Kd8 23. Rxe5+ Kd7 24. Re7+ Kc6 25. Na5+ Kb5 26. Rf5+
Ka4 27. Nb3 h6 28. Rb7 Rc5 29. Nxc5+ dxc5 30. Rxc5 hxg5 31. Rc4+ Ka5 32. b3 Rh4
33. Ra4# 1-0

[Event "Tournoi Skype 028B"]
[Site "Skype"]
[Date "????.??.??"]
[Round "9.30"]
[White "Montilla Bejarano, Carmen"]
[Black "Vervoort, Jean-Louis"]
[Result "1-0"]
[WhiteElo "1073"]
[BlackElo "1273"]
[PlyCount "63"]

1. e4 e5 2. Nf3 Nc6 3. Bb5 d6 4. c3 Nf6 5. Qe2 a6 6. Ba4 b5 7. Bb3 Bg4 8. h3
Bxf3 9. Qxf3 Be7 10. d3 O-O 11. g4 Qd7 12. g5 Nxe4 13. dxe4 Na5 14. Bd5 c6 15.
Bb3 Nxb3 16. axb3 d5 17. h4 d4 18. Qd1 d3 19. Be3 Rfe8 20. Nd2 c5 21. Qf3 g6
22. h5 c4 23. bxc4 bxc4 24. hxg6 hxg6 25. Rh6 Bf8 26. Rh4 a5 27. Qh1 Bg7 28.
Nxc4 a4 29. Nb6 d2+ 30. Ke2 Qb5+ 31. Kf3 d1=Q+ 32. Rxd1 1-0

[Event "Tournoi Skype 028B"]
[Site "Skype"]
[Date "????.??.??"]
[Round "9.31"]
[White "Chavez, Isidro"]
[Black "Gomez Caballero, Blas"]
[Result "1-0"]
[WhiteElo "1227"]
[BlackElo "1000"]
[PlyCount "77"]

1. g3 d5 2. Bg2 Be6 3. b3 Nf6 4. Bb2 Nc6 5. Nf3 Qd7 6. Nd4 Nxd4 7. Bxd4 Bh3 8.
Bf3 Bg4 9. Bg2 e6 10. Bxf6 gxf6 11. Nc3 f5 12. Na4 e5 13. c3 Qd6 14. h3 Bh5 15.
Qc2 Bg6 16. Qd1 Bh6 17. e3 e4 18. Nc5 Qxc5 19. h4 O-O-O 20. h5 Bg5 21. hxg6
fxg6 22. Qe2 h5 23. O-O-O Bf6 24. Bf1 a6 25. b4 Qc6 26. Kb2 Rd6 27. Rc1 Rhd8
28. Qd1 Qb6 29. Qa4 c5 30. b5 a5 31. Kb1 Kb8 32. Rc2 Rc8 33. Be2 d4 34. exd4
cxd4 35. Rhc1 d3 36. Bxd3 exd3 37. Rb2 Rc4 38. Qxc4 Qc5 39. Qxc5 1-0

[Event "Tournoi Skype 028B"]
[Site "Skype"]
[Date "????.??.??"]
[Round "9.32"]
[White "Moumtaz, Abderrahim"]
[Black "Clayton, Estelita"]
[Result "1-0"]
[WhiteElo "1226"]
[BlackElo "1072"]
[PlyCount "97"]

1. d4 d5 2. c4 c6 3. e3 Bf5 4. Nc3 Nf6 5. Qb3 Qc7 6. cxd5 Nxd5 7. Nxd5 cxd5 8.
Bb5+ Bd7 9. Nf3 Bxb5 10. Qxb5+ Qc6 11. Qxc6+ Nxc6 12. a3 a5 13. O-O e6 14. Bd2
Be7 15. Rad1 O-O 16. Rfe1 Bd6 17. e4 dxe4 18. Rxe4 Nd8 19. Bc3 Nc6 20. Rg4 f5
21. Rg5 Bf4 22. Rh5 Rad8 23. g3 Bh6 24. Ng5 f4 25. Nxe6 Rde8 26. Nxf8 Rxf8 27.
d5 Ne7 28. d6 Nc6 29. Bd2 Ne5 30. Rxe5 Rd8 31. d7 Rxd7 32. Re8+ Kf7 33. Ree1 g5
34. Bxa5 fxg3 35. Rxd7+ Kg6 36. hxg3 Kh5 37. Rxh7 Kg6 38. Rxb7 Bg7 39. b4 Bc3
40. Rc1 Bb2 41. Rcc7 Bxa3 42. Rg7+ Kh6 43. Rh7+ Kg6 44. Rbg7+ Kf5 45. b5 Ke4
46. Rxg5 Kd4 47. b6 Bc5 48. b7 Bd6 49. Rd7 1-0

[Event "Tournoi Skype 028B"]
[Site "Skype"]
[Date "????.??.??"]
[Round "9.34"]
[White "Douichi, Mohammed"]
[Black "Hernandez, Enrique"]
[Result "1-0"]
[WhiteElo "1203"]
[BlackElo "1009"]
[PlyCount "47"]

1. c4 e5 2. e4 Nf6 3. Qc2 Bc5 4. Nf3 O-O 5. Be2 c6 6. Nc3 d6 7. Na4 Nbd7 8. O-O
d5 9. cxd5 cxd5 10. exd5 Bd6 11. Nc3 b6 12. Bc4 Bb7 13. d4 Rc8 14. Qd3 Re8 15.
Re1 Bb4 16. Bd2 exd4 17. Rxe8+ Qxe8 18. Nxd4 Bxc3 19. Re1 Ne5 20. Qxc3 Rxc4 21.
Qd3 Nxd3 22. Rxe8+ Nxe8 23. b3 Rc2 24. Nxc2 1-0

[Event "Tournoi Skype 028B"]
[Site "Skype"]
[Date "????.??.??"]
[Round "9.35"]
[White "Santamaria Garcia, Jesus"]
[Black "Milanese, Serge"]
[Result "0-1"]
[WhiteElo "1022"]
[BlackElo "1202"]
[PlyCount "58"]

1. d4 Nf6 2. c4 d5 3. Nc3 e6 4. e3 c6 5. cxd5 cxd5 6. Nf3 Bb4 7. Bd2 Bxc3 8.
Bxc3 O-O 9. Bd3 Nc6 10. O-O a6 11. Qc2 h6 12. Rfe1 Re8 13. Ne5 Nxe5 14. dxe5
Ng4 15. h3 h5 16. hxg4 hxg4 17. Rac1 Bd7 18. Qd2 g6 19. e4 Kg7 20. exd5 Qh4 21.
Qf4 Rh8 22. Qh2 Qxh2+ 23. Kf1 Qh1+ 24. Ke2 Qxg2 25. Rg1 Qf3+ 26. Kd2 Qxf2+ 27.
Be2 Rh2 28. Rcf1 Qxe2+ 29. Kc1 Qc2# 0-1

[Event "Tournoi Skype 028B"]
[Site "Skype"]
[Date "????.??.??"]
[Round "9.36"]
[White "Chamorro Cajina, Ivan Antonio"]
[Black "Alarcon Alarcon, Marina"]
[Result "0-1"]
[WhiteElo "1000"]
[BlackElo "1198"]
[PlyCount "98"]

1. d4 d5 2. Nc3 Nf6 3. Qd3 c6 4. e4 dxe4 5. Nxe4 Nbd7 6. Ng5 g6 7. Be2 Bg7 8.
N1f3 h6 9. Nh3 O-O 10. Bf4 Nh5 11. O-O-O Qa5 12. Bd2 Qxa2 13. Qa3 Qxa3 14. bxa3
Nb6 15. Bb4 Nd5 16. Bc4 Nxb4 17. axb4 a5 18. bxa5 Rxa5 19. g4 Ra1+ 20. Kb2 Rxd1
21. Rxd1 Bxg4 22. Nhg1 Nf6 23. c3 Nd5 24. Rd3 Nb6 25. Bb3 Nd5 26. Ne5 Bf5 27.
Rg3 Bxe5 28. dxe5 Nf4 29. Nf3 Nd3+ 30. Ka3 Ra8+ 31. Ba4 b5 32. Nd4 Rxa4+ 33.
Kb3 Nc5+ 34. Kb2 Bd7 35. h4 Ne6 36. Nxe6 Bxe6 37. h5 Rg4 38. hxg6 Rxg3 39.
gxf7+ Kxf7 40. fxg3 Kg6 41. Ka3 Kf5 42. Kb4 Kxe5 43. Kc5 Bd5 44. Kb4 Kf5 45.
Kc5 e5 46. Kd6 e4 47. Kc5 e3 48. Kd4 e2 49. Kd3 e1=Q 0-1

[Event "Tournoi Skype 028B"]
[Site "Skype"]
[Date "????.??.??"]
[Round "9.38"]
[White "Conde, Abigail"]
[Black "Gomez Zuluaga, Jorge Adiel"]
[Result "1-0"]
[WhiteElo "1117"]
[BlackElo "1000"]
[PlyCount "77"]

1. d4 d5 2. e3 Nc6 3. c4 Be6 4. c5 Nf6 5. Nf3 g6 6. Nc3 Bg7 7. Bd3 Qd7 8. a3
Bf5 9. b4 Ne4 10. Nxe4 dxe4 11. Bc4 exf3 12. Qxf3 Rf8 13. O-O O-O-O 14. b5 Be6
15. Be2 Na5 16. Rb1 Qd5 17. Qf4 Qf5 18. Bd2 Qxf4 19. exf4 Bxd4 20. Bxa5 Bxc5
21. Rfc1 b6 22. Bc3 h5 23. a4 a5 24. bxa6 Kb8 25. Ba5 Rd6 26. Rxc5 Rc8 27. Bf3
Ka7 28. Bb7 Re8 29. Rxc7 Bd5 30. Bxd5+ Kb8 31. Rb7+ Kc8 32. Rc1+ Kd8 33. Bxb6+
Rxb6 34. Rxb6 Kd7 35. Rcc6 Rc8 36. Rb7+ Kd8 37. a7 Rxc6 38. Bxc6 Kc8 39. a8=Q#
1-0

[Event "Tournoi Skype 028B"]
[Site "Skype"]
[Date "????.??.??"]
[Round "9.39"]
[White "Conde, Ramon"]
[Black "Yepez, German"]
[Result "1-0"]
[WhiteElo "1113"]
[BlackElo "1000"]
[PlyCount "109"]

1. d4 d5 2. Nf3 g6 3. e3 Bg7 4. Bd3 Nf6 5. Nbd2 O-O 6. Ne5 Nbd7 7. f4 Ne8 8.
O-O f5 9. Qe2 a6 10. Ndf3 e6 11. Bd2 Qf6 12. Be1 Qd8 13. Ng5 Nxe5 14. Nxe6 Qe7
15. Nxf8 Ng4 16. Rf3 Bxf8 17. Bh4 Qxh4 18. Rh3 Qf2+ 19. Qxf2 Nxf2 20. Kxf2 Kg7
21. Rc1 Nd6 22. b3 Be6 23. Kg1 Be7 24. Rf3 b5 25. a4 g5 26. axb5 axb5 27. fxg5
Bxg5 28. Rg3 Kf6 29. Rh3 h6 30. Rf1 Kg6 31. Be2 h5 32. Bxh5+ Kf6 33. g4 Ne4 34.
gxf5 Bd7 35. Bg4 Kg7 36. f6+ Nxf6 37. Bxd7 Nxd7 38. Rhf3 Nf6 39. Rg3 Kg6 40. h4
Ne4 41. Rg2 Rh8 42. Rxg5+ Nxg5 43. hxg5 Kxg5 44. Rf7 Rg8 45. Kf2 c5 46. dxc5
Rd8 47. c6 d4 48. c7 dxe3+ 49. Kxe3 Rc8 50. Kd4 Kg6 51. Rd7 Kf6 52. Kd5 b4 53.
Kc6 Re8 54. Rd8 Rxd8 55. cxd8=Q+ 1-0